000 00723nam a22002057a 4500
003 OSt
005 20221102160536.0
008 221006b |||||||| |||| 00| 0 eng d
020 _a978-2-85495-500-2
040 _cBiblioteca Lado V
082 _a700.74
_bC355l
100 _9284
_aEnwezoe, Okwui
_ecurador
245 _aLa Triennale 2021 intense Proximite palais de Tokio/
_bExhibition Guide de L'exposition/
260 _aParis
_bCentre National de Arts Plastiques
_c2012
300 _a285p.
_c13x18cm
650 _2Tesauro de Arte & Arquitectura
_aBIENAL
650 _2Tesauro de Arte & Arquitectura
_aARTE
651 _2Tesauro de Arte & Arquitectura
_aFRANCIA
942 _2ddc
_c1
_h700.74
_iE61t
_n0
999 _c2464
_d2464